000 00460nas a2200145 a 4500
008 100712c20099999||||||||||||||||| || u
050 _aCBU-UNI(05)C
110 _aCopperbelt University
245 1 0 _aCBU Courier
_cCopperbelt University
260 _aKitwe
_bThe Public Relations Unit (CBU)
_c2009
300 _a21p. :ill.
350 _a0.00
362 1 _aNo.1, Vol.1, 2009; Vol.1, No.3, 2010; Vol. 3, No. 1, 2011
650 _aCOPPERBELT UNIVERSITY--PERIODICALS
999 _c36879
_d36879